000 00970nam a22002177a 4500
003 OSt
005 20250827102736.0
008 240305b ||||| |||| 00| 0 eng d
040 _c0
082 _aDPer 621.317 Ie21 July 2022 v. 37 n. 7
100 _aLewicki, Arkadiusz.
_eauthor.
_954045
245 _aHybridized space-vector pulsewidth modulation for multiphase two-level voltage source inverter /
_cArkadiusz Lewicki, Charles I. Odeh, Dmytro Kondratenko, and Marcin Moraweic
260 _aNew York ;
_bThe Institute of Electrical and Electronics Engineers, Inc. ,
_cJuly 2022.
300 _avolume 37, pages 7663-7674 :
_billustration ;
_c28 cm.
500 _aIEEE Transactions on Power Electronics, vol. 37, no. 7, pages 7663-7674, July 2022.
700 _aLewicki, Arkadiusz.
_eauthor.
_954045
700 _aOdeh, Charles I.
_eauthor.
_954046
700 _aKondratenko, Dmytro.
_eauthor.
_954047
700 _aMoraweic, Marcin.
_eauthor.
_954048
942 _2ddc
_cPER
999 _c19536
_d19536